000
00206 a2200097 4500
020
_a
9789500730440
041
_a
spa
100
_a
Guerrero gonzalo alvarez
245
_a
Maxima una historia real
942
_c
BK
999
_c
10691
_d
10691